| 000 | 00696nam a2200181 a 4500 | ||
|---|---|---|---|
| 008 | 071019s1999 ||||||||||||||||| || u | ||
| 020 | _a082133638X | ||
| 050 | _aIBRD(02) | ||
| 110 | _aWorld Bank | ||
| 245 | 1 | 0 | _aPollution prevention and abatement handbook 1998: toward cleaner production |
| 260 |
_aWashington, D.C. _bWorld Bank _c1999 |
||
| 300 | _axi, 457p. | ||
| 350 | _a0.00 | ||
| 650 | _aFACTORY AND TRADE WASTE--ENVIRONMENTAL ASPECTS | ||
| 650 | _aPOLLUTION PREVENTION | ||
| 650 | _aFACTORY AND TRADE WASTE--MANAGEMENT | ||
| 995 |
_D0.00 _FCBU-MAIN LIBRARY (Kitwe) _H1 _I0.00 _M1 _UAVAILABLE _WOct 19, 2007 _ZInternational Publications |
||
| 999 |
_c53973 _d53973 |
||